Responses for Show #5937 - Tuesday, June 8, 2010

Contestants

[<< previous game]

Jessica Freeman, an insurance claims examiner from San Angelo, Texas

Peter Hall, a teaching artist at a museum from Brooklyn, New York

J.R. Lind, a newspaper reporter from Murfreesboro, Tennessee (whose 2-day cash winnings total $52,801)

[next game >>]

Jeopardy! Round responses

I LOVE A SHOW TUNE
FOOD GLORIOUS FOOD
OLD DEUTERONOMY
YOU'RE A GRAND OLD FLAG
IF I WERE A RICH MAN...
"S"WONDERFUL
    $200 20
My Fair Lady

Peter
    $200 9
(JR: What is a goose?)
(Peter: What is a turkey?)
(Jessica: What is a partridge?)

a pigeon

J.R.PeterJessica
Triple Stumper
    $200 14
curses

J.R.
    $200 1
Italy

J.R.
    $200 17
Yale

Jessica
    $200 4
a steeple

Jessica
    $400 23
West Side Story

J.R.
    $400 10
phyllo

Jessica
    $400 27
prayers

J.R.
    $400 2
the Caribbean

Peter
    $400 18
(J.R.: What is a diamond?)
(Alex: Be more specific.)

the Hope Diamond

J.R.
    $400 5
Savannah

Peter
    $600 24
the Phantom of the Opera

Jessica
    $600 11
(Peter: What is kielbasa?)

bratwurst

Peter
Triple Stumper
    $600 28
(J.R.: What is the fourth?)
(Peter: What is the third?)

fifth

J.R.Peter
Triple Stumper
    $1,000 3
cocoa (or cacao)

Peter
    $600 19
Branson

Peter
    $600 6
Sting

Jessica
    $800 25
A Chorus Line

Triple Stumper
    $800 12
edamame

Jessica
    $800 29
kosher rules

Peter
    $800 15
Tonga

J.R.
    $800 21
Ted Turner

Triple Stumper
    $800 7
shingles

Jessica
    $1000 26
Cole Porter

J.R.
    $1000 13
(Alex: In our house, they're popular at any time of the year--[*]. Love 'em.)

macaroons

Triple Stumper
    $1000 30
the doorway

Peter
    $1000 16
the Masai tribe

Peter
    $1000 22
Mark Cuban

J.R.
    $1000 8
a spoonerism

Peter

Scores at the first commercial break (after clue 15):

J.R. Peter Jessica
$1,000 $2,000 $2,600

Scores at the end of the Jeopardy! Round:

J.R. Peter Jessica
$3,600 $5,000 $3,400

Double Jeopardy! Round responses

ART HEISTS
WOODY ALLEN MOVIE SYNOPSES
LAKE POET-RY
HUEY, DEWEY OR LOUIS
(Alex: In this category, [*] we're going to need more than just one of those names.)
LISTED IN THE WORLD ALMANAC
ALL YOU NEED IS "LOVE"
    $400 10
the Mona Lisa

J.R.
    $400 13
Vicky Cristina Barcelona

Jessica
    $400 6
(Peter: What is... Erie?)

(Lake) Ontario

J.R.Peter
    $400 16
(Peter: Who is Dewey?)
(Alex: I need more than that.)
(Peter: [No response])
(Alex: Aha!)

Thomas Dewey

J.R.Peter
    $400 24
(Peter: Who is, uh, Prince Harry?)
...
(Alex: Yes, Prince Charles is first in line.)

Prince William

J.R.Peter
    $400 1
gloves

J.R.
    $800 12
Belgium

J.R.
    $6,000 20
(Alex: You are right again. $12,000 in just 2 responses!)

The Purple Rose of Cairo

Peter
    $800 7
Lake Nicaragua

J.R.
    $800 17
Louis L'Amour

J.R.
    $800 30
Bono

Jessica
    $800 2
cloven

Jessica
    $1200 14
Rodin

Peter
    $1200 21
Bullets Over Broadway

Peter
    $1200 8
the Caspian Sea

J.R.
    $1200 18
Huey Long

Peter
    $1200 29
the Unification Church

Triple Stumper
    $1200 3
Slovenia

Jessica
    $1600 15
Monet

J.R.
    $1600 22
Mighty Aphrodite

Peter
    $1600 9
(J.R.: What is Lake Titicaca?)

Lake Maracaibo

J.R.Peter
    $1600 27
Louis Armstrong

Jessica
    $1600 28
Queen Noor

Peter
    $1600 4
slovenly

Peter
    $6,000 19
(Alex: You are correct. The woman involved with Mr. Stieglitz.)

Georgia O'Keeffe

Peter
    $2000 23
(Alex: You know your Woody Allen films, and it has worked out amazingly well for you. $28,600.)

Sweet and Lowdown

Peter
    $2000 11
Great Bear Lake

Peter
    $2000 26
Baby Huey

J.R.
    $2000 25
(Alex: Yes, with less than a minute to go.)

Sinn Féin

Peter
    $2000 5
clover

Jessica

Scores at the end of the Double Jeopardy! Round:

J.R. Peter Jessica
$11,200 $31,800 $10,200
(lock game)

[wagering suggestions for these scores]

Final Jeopardy! Round responses

U.S. MILITARY HISTORY
(Alex: [Revealing Jessica's response] [*]. Head of the American Expeditionary Force in World War I.)
...
(Alex: $36,800--that's the biggest payday for one show that we've seen in quite some time.)
JessicaWho was Pershing?
$10,001
J.R.Who was Pershing?
$9,201
PeterWho is Pershing?
$5,000
John Pershing

Final scores:

J.R. Peter Jessica
$20,401 $36,800 $20,201
2nd place: $2,000 New champion: $36,800 3rd place: $1,000

Game dynamics:

Coryat scores:

J.R. Peter Jessica
$11,200 $22,200 $10,200
19 R,
3 W
21 R
(including 3 DDs),
6 W
13 R,
1 W

Combined Coryat: $43,600

[game clues] [game scores] [suggest correction]

Game tape date: 2010-02-16
The J! Archive is created by fans, for fans. Scraping, republication, monetization, and malicious use prohibited; this site may use cookies and collect identifying information. See terms. The Jeopardy! game show and all elements thereof, including but not limited to copyright and trademark thereto, are the property of Jeopardy Productions, Inc. and are protected under law. This website is not affiliated with, sponsored by, or operated by Jeopardy Productions, Inc. Join the discussion at JBoard.tv.